000 00490nam a2200205Ia 4500
999 _c36688
_d36688
003 0100
005 20170526081557.0
008 130303s9999 xx 000 0 und d
040 _cARRUPELIB
050 _aDT343.E26G3 1966
100 _aGatheru, Mugo R
_931089
245 _aChild of two worlds
260 _bHeinemann
_aLondon
_c1966
300 _axiv
300 _b 216p. 19 cm.
440 _aAfrican writers
_931090
650 _aKikuyu (African people)
_913107
942 _2lcc
_cMONOGRAPH